00497nam a22001812 4500001001100000005001700011008004100028020001700069040001500086100003500101245005200136250001300188260003300201300001700234650002300251650003800274852000300312000001846320151217152128.0091112s xx 000 0 eng d a354025644x : aKABUcKABU1 aFriedrich, Harald.@000017773210aTheoretical atomic physics /cHarald Friedrich. a1st ed. aNew York :bSpringer,c2006. axiv, 506 p. 0aAtoms.@0000087558 0aMathematical physics.@00001537741